| 000 | 01208cab a22002055a 4500 | ||
|---|---|---|---|
| 001 | L154586 | ||
| 008 | 120103e2011 xxk 000 0 eng d | ||
| 035 | _a(Sirsi) u154586 | ||
| 041 | 0 | _aeng | |
| 245 | 0 | 0 |
_aPatrick J. Cusack v London Borough of Harrow _h[electronic resource] |
| 260 | _c2011 | ||
| 520 | _a[2011] EWCA Civ 1514, 7 December 2011. A highway authority has in certain circumstances a statutory right to prevent access to the public highway without having to pay compensation. Claimant C appealed against a decision allowing defendant H to place barriers or posts to prevent drivers crossing the pavement which was the means of access for customers to solicitor C's forecourt for parking purposes. "Held": CA found in favour of H. Although C contended that H's actions would infringe his property rights (access used for 40 years), CA agreed with H that the access was a safety risk. | ||
| 590 | _aKA | ||
| 650 | 2 | 4 | _aCUSACK V HARROW LBC |
| 650 | 2 | 4 | _aHIGHWAYS ACT 1980 S80 |
| 651 | 4 |
_aEngland and Wales _y1543- |
|
| 690 |
_aBoundary disputes _96221 |
||
| 856 | 4 | 0 |
_uhttps://www.bailii.org/ew/cases/EWCA/Civ/2011/1514.html _zView the law report free of charge at www.bailii.org |
| 942 | _n0 | ||
| 999 |
_c83680 _d83680 |
||